| 000 | 00871nas a2200277 4500 | ||
|---|---|---|---|
| 001 | BR2014001350 | ||
| 003 | BR-BrBNA | ||
| 005 | 20231205123738.0 | ||
| 007 | ta | ||
| 008 | 230509b bl.|||p| |||| 00| 00por d | ||
| 040 |
_aBR-BrBNA _bpor _cBiblioteca Nacional de Agricultura |
||
| 041 | _a(Pt) | ||
| 072 | _aH10; M01 | ||
| 100 | 1 | _aTrevis, D. | |
| 100 | 1 | _aHabr, S.F. | |
| 100 | 1 | _aVaroli, F.M. | |
| 100 | 1 | _aBernardi, M.M. | |
| 245 | 1 | _aToxicidade aguda do praguicida Organofosforado diclorvos e da mistura com o Piretróide deltametrina em Danio rerio e Hyphessobrycon bifasciatus | |
| 650 | _aPEIXE | ||
| 650 | _aTOXIDEZ | ||
| 650 | _aPESTICIDA | ||
| 650 | _aPOLUIÇÃO | ||
| 773 | 0 |
_tBoletim do Instituto de Pesca (Brazil) _xISSN 0046-9939 _g(2010), v. 36(1) p. 53-59 _wBR2014001350 |
|
| 909 |
_a202311 _bLúcia _c55 _dLúcia Elande |
||
| 942 |
_2AGRIS _n0 _cANA |
||
| 999 |
_c235486 _d235486 |
||